000
00514nam a2200145Ia 4500
008
090122s9999 xx 000 0 und d
082
_b
9526
100
_a
हवळीकर
_b
मधुकर
_c
केशव
245
_a
पर्यावरण आणि संस्कृती
600
_a
हवळीकर
630
_a
पर्यावरण आणि संस्कृती
700
_a
हवळीकर
730
_a
पर्यावरण आणि संस्कृती
942
_c
BOOK
999
_c
33603
_d
33603